000 01227cam a2200289 a 4500
999 _c174603
_d174603
001 16529775
003 Nust
005 20180806061230.0
008 101103s2011 caua 000 1 eng
010 _a 2010044890
020 _a 978-1607102113
038 _aArshad
040 _aDLC
_cDLC
_dDLC
050 0 0 _aPR4621
_b2011
082 0 0 _a823.912
_bDOY
100 1 _aDoyle, Arthur Conan,
_d1859-1930.
_911186
245 1 4 _aThe last adventures of Sherlock Holmes, and other stories /
_cby Arthur Conan Doyle.
260 _aSan Diego :
_bCanterbury Classics,
_c2011.
300 _axix, 196 p. :
_bill. ;
_c24 cm.
505 0 _aA study in scarlet -- The sign of the four -- The adventures of Sherlock Holmes -- The memoirs of Sherlock Holmes -- The return of Sherlock Holmes -- Hounds of the Baskervilles -- The valley of fear -- His last bow.
600 1 0 _aHolmes, Sherlock
_vFiction.
_912249
600 1 0 _aWatson, John H.
_c(Fictitious character)
_vFiction.
_912250
650 0 _aDetective and mystery stories, English.
_98920
906 _a7
_bcbc
_corignew
_d1
_eecip
_f20
_gy-gencatlg
942 _2ddc
_cBK